Portraits de champions du monde de F1 - Statistiques

Statistiques générales
  • Ce quiz a été pris 74 fois
  • Le résultat moyen est 10 sur 16
Statistiques - réponses
Par images Réponse % Correct
Verstappen
98%
Rosberg
92%
Raikkonen
86%
Hakkinen
81%
Button
80%
Villeneuve
78%
Piquet
69%
Farina
61%
Mansell
61%
Hunt
58%
Ascari
56%
Brabham
36%
Clark
36%
Hawthorn
36%
Hulme
32%
Jones
31%
Aucun quiz correspondant
Distribution des résultats
% des personnes avec chaque résultat
Percentile par nombre de réponses
Votre historique - résultats
Vous n’avez pas pris ce quiz